Prénoms garçons 1997 - Statistiques

Statistiques générales
  • Ce quiz a été pris 159 fois
  • Le résultat moyen est 62 sur 100
Statistiques - réponses
Hint Lettre Prénoms % Correct
63 J Jean
96%
7 Q Quentin
93%
5 A Antoine
92%
75 A Alex
90%
1 T Thomas
90%
10 J Julien
88%
53 L Léo
88%
28 P Paul
88%
67 J Jules
87%
2 A Alexandre
85%
17 P Pierre
85%
12 K Kevin
84%
3 N Nicolas
84%
22 T Théo
84%
13 L Lucas
82%
4 M Maxime
82%
9 V Valentin
82%
50 Y Yann
82%
24 B Baptiste
81%
21 M Mathieu
80%
33 V Victor
78%
70 W William
77%
26 D Damien
76%
93 J/B Jean Baptiste
76%
27 L Louis
76%
8 A Alexis
75%
29 H Hugo
75%
11 R Romain
75%
61 T Tom
75%
30 A Arthur
74%
19 A Anthony
73%
14 C Clément
72%
16 G Guillaume
72%
18 B Benjamin
71%
15 F Florian
71%
56 N Nathan
71%
39 D David
70%
91 M Mathis
70%
45 B Benoît
69%
58 C Charles
69%
72 G Gabriel
69%
41 V Vincent
69%
25 A Adrien
68%
23 J Jeremy
68%
90 O Olivier
67%
43 F Florent
66%
76 F François
66%
97 M Marc
66%
57 S Sébastien
65%
31 A Axel
64%
37 B Bastien
64%
6 D Dylan
64%
40 S Simon
63%
34 R Raphaël
62%
35 T Thibault
62%
20 C Corentin
61%
68 E Enzo
61%
82 Y Yanis
60%
38 J Jordan
59%
49 A Arnaud
58%
42 D Dorian
58%
65 M Martin
58%
77 M Mathias
58%
32 R Rémi
58%
66 T Tristan
58%
69 F Fabien
57%
60 S Samuel
57%
44 M Matthieu
56%
48 J Jonathan
55%
100 Y Yohan
55%
81 R Rémy
54%
36 A Aurélien
53%
88 G Gregory
53%
55 M Maxence
53%
86 S Sylvain
52%
98 M Mohamed
50%
64 C Cédric
48%
73 E Etienne
48%
52 L Loïc
46%
95 K Killian
45%
62 L Ludovic
45%
78 T Thibaut
45%
74 D Dimitri
44%
54 R Robin
44%
92 Y Yoann
44%
46 M Mickaël
43%
51 B Bryan
40%
59 G Gaëtan
39%
94 C Cyril
37%
47 S Steven
36%
71 C Christopher
34%
83 E Erwan
32%
99 M Morgan
29%
80 T Tony
28%
84 A Alan
26%
87 J Jason
26%
89 J Jimmy
26%
79 M Mehdi
26%
85 T Tanguy
24%
96 B Brandon
22%
Aucun quiz correspondant
Distribution des résultats
% des personnes avec chaque résultat
Percentile par nombre de réponses
Votre historique - résultats
Vous n’avez pas pris ce quiz